=LDR 00000nam 2200000 4500 =001 INLIS000000000020245 =005 20130612115220 =008 ***********************************Ind** =035 ##$$a0010-061300000020245 =041 ##$$a Ind =082 ##$$a 787.87 =090 ##$$a 787.87, Asr p =100 ##$$a Asriadi, Derry =245 ##$$a Panduan mengiringi lagu dengan gitar, Derry Asriadi ; penyunting, Fuad Izzudin =260 ##$$a 2006 $b Jakarta =300 ##$$a vi, 97 hlm, ilus, 23 cm =650 ##$$a Gitar =850 ##$$a NBPNMAT =990 ##$$a 21195866/BPAP-NTB/2014